<?xml version="1.0" encoding="UTF-8"?>
<collection xmlns="http://www.loc.gov/MARC21/slim">
 <record>
  <leader>     na                 </leader>
  <controlfield tag="001">INLIS000000000014142</controlfield>
  <controlfield tag="005">20230925033410</controlfield>
  <datafield tag="035" ind1=" " ind2=" ">
   <subfield code="a">0010-0923000011</subfield>
  </datafield>
  <datafield tag="245" ind1="1" ind2=" ">
   <subfield code="a">DAKWAH DI ERA MEDIA BARU :</subfield>
   <subfield code="b">teori dan aktivisme dakwah di internet</subfield>
  </datafield>
  <datafield tag="100" ind1="0" ind2=" ">
   <subfield code="a">Moch. Fakhruroji</subfield>
  </datafield>
  <datafield tag="250" ind1=" " ind2=" ">
   <subfield code="a">Ed. 1, Cet. 2</subfield>
  </datafield>
  <datafield tag="300" ind1=" " ind2=" ">
   <subfield code="a">x, 234 hlm.; 24 cm.</subfield>
  </datafield>
  <datafield tag="260" ind1=" " ind2=" ">
   <subfield code="a">Bandung :</subfield>
   <subfield code="b">Simbiosa Rekatama Media,</subfield>
   <subfield code="c">2017</subfield>
  </datafield>
  <datafield tag="082" ind1=" " ind2=" ">
   <subfield code="a">297.72</subfield>
  </datafield>
  <datafield tag="084" ind1=" " ind2=" ">
   <subfield code="a">297.72  MOC d</subfield>
  </datafield>
  <datafield tag="020" ind1=" " ind2=" ">
   <subfield code="a">978-602-7973-47-3</subfield>
  </datafield>
  <datafield tag="650" ind1=" " ind2=" ">
   <subfield code="a">Dakwah Islam</subfield>
  </datafield>
  <datafield tag="520" ind1=" " ind2=" ">
   <subfield code="a">Sebagai media baru, internet telah membuka kemungkinan bagi lahirnya gerakan sosial, termasuk gerakan sosial keagamaan. Dalam Islam, salah satu gerakan sosial keagamaan dapat direpresentasikan dalam bentuk dakwah. Oleh sebab itu, membicarakan aktivisme Islam sebagai gerakan sosial pada dasarnya selalu berhubungan dengan dakwah yang memang bertujuan melakukan perubahan sosial. Dengan demikian, aktivisme Islam pada praktisnya tidak lain merupakan aktivisme dakwah.&#13;
&#13;
   Pembahasan yang tersaji dalam buku ini merupakan pengalaman dan pengamatan penulis atas aktivitas dan wacana keagamaan di internet. Banyaknya hate speech, cyberbullying, dan berita hoax yang berkaitan dengan agama yang beredar, memberikan gambaran negatif mengenai internet. Padahal, internet dapat menjadi media untuk menyebarkan kebaikan-kebaikan yang diajarkan Islam, juga untuk merespons tindakan-tindakan stereotipe dari pihak-pihak tertentu.&#13;
&#13;
   Buku ini menitikberatkan pada pembahasan mengenai dakwah Islam dan masyarakat jejaring, dakwah Islam dan budaya media, media baru, cyberculture, cyberreligion, aktivisme dakwah, serta ekspresi dakwah di internet. Karena itu buku ini akan sangat bermanfaat bagi mahasiswa, dosen, peneliti, serta Anda yang berminat pada kajian dakwah dan media baru, terutama internet.</subfield>
  </datafield>
  <datafield tag="990" ind1=" " ind2=" ">
   <subfield code="a">023.1972/PC/2023</subfield>
  </datafield>
  <datafield tag="990" ind1=" " ind2=" ">
   <subfield code="a">023.1973/PC/2023</subfield>
  </datafield>
  <datafield tag="990" ind1=" " ind2=" ">
   <subfield code="a">023.1974/PC/2023</subfield>
  </datafield>
  <datafield tag="990" ind1=" " ind2=" ">
   <subfield code="a">023.1973/PC/2023</subfield>
  </datafield>
  <datafield tag="990" ind1=" " ind2=" ">
   <subfield code="a">023.1972/PC/2023</subfield>
  </datafield>
  <datafield tag="990" ind1=" " ind2=" ">
   <subfield code="a">023.1974/PC/2023</subfield>
  </datafield>
  <datafield tag="990" ind1=" " ind2=" ">
   <subfield code="a">023.1974/PC/2023</subfield>
  </datafield>
  <datafield tag="990" ind1=" " ind2=" ">
   <subfield code="a">023.1972/PC/2023</subfield>
  </datafield>
  <datafield tag="990" ind1=" " ind2=" ">
   <subfield code="a">023.1973/PC/2023</subfield>
  </datafield>
 </record>
</collection>
